[Event "Biel"]
[Site "Biel"]
[Date "1994.??.??"]
[Round "1"]
[White "Masserey, Yvan"]
[Black "Hoffman, Alejandro"]
[Result "0-1"]
[WhiteElo "2300"]
[BlackElo "2500"]
[Annotator "Boensch,U"]
[PlyCount "44"]
[EventDate "1994.07.??"]
[EventType "tourn"]
[EventRounds "11"]
[EventCountry "SUI"]
[EventCategory "10"]
[SourceTitle "CBM 043"]
[Source "ChessBase"]
[SourceDate "1994.12.01"]
[SourceVersion "1"]
[SourceVersionDate "1994.12.01"]
[SourceQuality "1"]

1. e4 {Donev} c5 2. Nf3 d6 3. d4 cxd4 4. Nxd4 Nf6 5. Nc3 g6 6. Bg5 Bg7 7. Bb5+
Bd7 (7... Nbd7 8. Qe2 O-O 9. O-O-O a6 10. Bxd7 Bxd7 11. f4 Bg4 12. Nf3 Qa5 13.
Kb1 Rfe8 14. h3 Bxf3 15. Qxf3 Rac8 16. Rhe1 $14 {Horvath,T-Sievers,S Hamburg
HSK (04) 1991 0-1 40}) 8. Qe2 a6 (8... Nc6 9. O-O-O O-O (9... h6 10. Bh4 Nxd4
11. Rxd4 g5 12. e5 gxh4 13. exf6 Bxf6 14. Rxd6 {1-0 Bus,M-Hansen,SuB
Copenhagen Unibank (5) 1991}) 10. Bxc6 bxc6 11. e5 dxe5 12. Nxc6 Qe8 13. Nxe5
Be6 14. Qa6 (14. Rhe1 Qc8 15. f3 Rb8 16. Rd3 Qb7 17. b3 Rfc8 18. g4 $14 {
Kiss,A-Wukits,R Donau op (2) 1992 1-0 43}) 14... Rc8 15. Rhe1 Rc5 16. f4 Qa8
17. Rd2 Rfc8 18. Red1 h6 19. Bh4 Ne4 20. Nxe4 $44 (20. Nxg6 $1 $16 {Hamdouchi,
H-Garcia Lopez,LM Alicante op (02) 1992 1-0 34})) (8... O-O 9. O-O-O Qa5 10.
Kb1 a6 11. Bxd7 Qxg5 12. h4 Qa5 13. Bh3 Nc6 14. Nb3 Qc7 $10 {Blodstein,
A-Fedorov,A Voskresensk2 1993 1/2 19}) 9. Bxd7+ Nbxd7 10. O-O-O (10. h4 Rc8 11.
Rh3 h5 12. O-O-O O-O 13. Kb1 e6 14. Nb3 Rc6 15. f4 Qc7 16. Rhd3 b5 $10 {
Frolov,A-Palkovi,J Siofok Hungaroil (02) 1990 1-0 39}) 10... Rc8 11. f4 (11.
Nd5 $142 {Donev}) 11... Rxc3 $5 (11... O-O 12. e5 dxe5 13. fxe5 Qa5 14. Nf3 (
14. Nf5 $5) (14. Bxf6 $1 {Donev} exf6 15. Nb3 Qd8 16. e6 Bh6+ $2 (16... fxe6 $8
17. Qxe6+ Rf7 18. Ne4 Qc7 19. c3 $14) 17. Kb1 fxe6 18. Qxe6+ Rf7 19. Ne4 $18)
14... Rxc3 15. bxc3 Nd5 $44) 12. bxc3 Qc7 (12... Qa5 {Donev} 13. Bxf6 Bxf6 14.
Qc4 Nc5 $14) 13. Rhe1 (13. Rd3 $1 {Donev} O-O 14. Rhd1 Nc5 15. Re3 Rc8 $13)
13... h6 (13... Qxc3 14. Nb3 (14. Kb1 Nc5 $17 {/\ Na4}) 14... Nh5 15. e5 dxe5
16. g4 $1 $14) (13... Qxc3 $5 {Donev}) 14. Bh4 $2 (14. Bxf6 Bxf6 (14... Nxf6
15. Qf3 $16) 15. Qf3 O-O $14) 14... O-O (14... Qxc3 {Donev} 15. Qd3 Qa1+ 16.
Kd2 Qxa2 17. Ra1 Qb2 18. Rab1 $1 (18. Reb1 $2 Nxe4+ $1 19. Ke3 (19. Qxe4 Qxd4+
20. Qxd4 Bxd4 21. Ra4 Bb6 22. Re4 f6 $17) 19... Bxd4+ 20. Qxd4 Qxd4+ 21. Kxd4
Ndc5 $19) 18... Qa2 19. Bxf6 (19. Ra1 Qb2 20. Rab1 Qa2 $10) 19... Bxf6 20. Rxb7
Nc5 21. Rb8+ Kd7 22. Qh3+ Kc7 23. Rxh8 Bxh8 24. Nb3 $14) 15. Qe3 (15. e5 {Donev
} dxe5 16. fxe5 Nd5 17. Nb5 $1 Qc6 18. Qe4 e6 19. c4 $14) 15... Rc8 16. h3 (16.
Bxf6 {Donev} Bxf6 17. Ne2 Nb6 $40) 16... Qc5 (16... Qa5 $5 $40) (16... Qa5 $5 {
Donev} 17. Kb1 Rxc3 (17... Nb6 $5 $40) 18. Rd3 Rc4 $10) 17. Bxf6 Bxf6 18. Kd2 (
18. Rd3 Ne5 $1 $19) (18. Kb1 $142 {Donev} Nb6 19. Nb3 Qc7 $15) 18... Nb6 (18...
Ne5 $1 $17) 19. Qd3 (19. Ke2 $142 {Donev}) 19... Nc4+ 20. Ke2 Nb2 21. Qd2 Nxd1
22. Rxd1 Qxc3 (22... Qxc3 23. Qxc3 Rxc3 24. Nf3 Rxc2+ $19) 0-1

[Event "Women-Veterans"]
[Site "Prague"]
[Date "1995.??.??"]
[Round "6"]
[White "Xie, Jun"]
[Black "Spassky, Boris Vasilievich"]
[Result "1-0"]
[WhiteElo "2540"]
[BlackElo "2555"]
[Annotator "Boensch,U"]
[PlyCount "69"]
[EventDate "1995.07.??"]
[EventType "schev"]
[EventRounds "5"]
[EventCountry "CZE"]
[SourceTitle "CBM 048"]
[Source "ChessBase"]
[SourceDate "1995.10.01"]
[SourceVersion "1"]
[SourceVersionDate "1995.10.01"]
[SourceQuality "1"]

1. e4 c5 2. Nf3 Nc6 3. d4 cxd4 4. Nxd4 Nf6 5. Nc3 d6 6. Be2 g6 7. Nb3 Bg7 8.
O-O a6 (8... O-O 9. Re1 a6 10. Bf1 b5 11. Bg5 Nd7 (11... h6 12. Bh4 Ng4 13. h3
Nge5 14. a4 $14 {Chandler,M-Shirov,A Hastings 1991}) (11... Bd7 12. a4 b4 13.
Nd5 Nxd5 14. exd5 Ne5 $14 {Sinowjew,J-Tischbierek,R Dortmund op 1992}) 12. Qd2
(12. Rb1 Nb6 13. Nd5 Bb7 $2 (13... Re8 $10) 14. Na5 $1 Nxd5 15. Nxb7 Qc7 16.
exd5 Ne5 17. f4 $18 {Emelin,V-Yakovich,Y St.Petersburg op (07) 1994 1/2 37})
12... Re8 13. Rad1 Nb6 14. Nc1 Bb7 15. Bh6 Bh8 $10 {Geller,J-Serper,G Helsinki
op (05) 1992 1/2 48}) 9. Re1 b5 10. Bf1 O-O 11. a4 b4 12. Nd5 e6 $5 $146 (12...
Nxd5 13. exd5 Ne5 14. a5 Qc7 $10 {Masserey,Y-Petursson,M Horgen SKA (02) 1994
0-1 34 - CBM 43}) 13. Nxf6+ Bxf6 14. a5 $1 {Legt den Pa6 fest und schafft
einen wichtigen Stützpunkt auf b6.} Bg7 $2 {Verschenkt ein wertvolles Tempo.} (
14... Qe7 {/\ Rd8, o. Rfc8}) 15. Ra2 Qe7 16. Be3 Bb7 17. Qd2 Rfc8 18. f4 e5 {
Ohne diesen Zug bleibt Schwarz kein Gegenspiel.} 19. f5 $1 gxf5 20. exf5 Kh8 $6
(20... d5 21. Bg5 $1 (21. Qxd5 $2 Nd4 $19) (21. Bc5 Qh4 $1 $132) 21... Qd6 (
21... Bf6 $2 22. Bxf6 Qxf6 23. Qxd5 Qxf5 24. Nc5 $16) 22. f6 Bxf6 23. Bxf6 Qxf6
24. Qxd5 Nd8 25. Qd2 Qf4 26. Qxf4 exf4 27. Nd4 Ne6 28. Nxe6 fxe6 29. Ra4 Rxc2
30. Rxb4 Bd5 $14) 21. Raa1 $1 $16 d5 22. Bc5 Qf6 23. Bb6 Ne7 (23... Qxf5 24.
Nc5 Rcb8 25. Qxd5 $16) 24. Nc5 Bc6 (24... Qc6 25. g4 d4 26. Nxb7 Qxb7 27. Bg2
Nd5 28. Qd3 $16) 25. Nxa6 d4 26. Nxb4 Bh6 27. Qd3 Nxf5 28. Nxc6 $18 Rxc6 29.
Qe4 Be3+ 30. Rxe3 (30. Kh1 $4 Ng3+ $3 31. hxg3 Qf2 32. Qxe5+ Kg8 33. Be2 Qxe2
$1 $19) 30... Nxe3 31. Bd3 Kg7 32. b4 Rg8 33. Bc5 Rxc5 34. bxc5 Kf8 35. a6 (35.
a6 Rxg2+ 36. Qxg2 Nxg2 37. a7 $18) 1-0

[Event "RUS-ch"]
[Site "Elista"]
[Date "1995.??.??"]
[Round "2"]
[White "Makarichev, Sergey"]
[Black "Svidler, Peter"]
[Result "0-1"]
[WhiteElo "2540"]
[BlackElo "2635"]
[Annotator "Boensch,U"]
[PlyCount "76"]
[EventDate "1995.10.??"]
[EventType "swiss"]
[EventRounds "11"]
[EventCountry "RUS"]
[SourceTitle "CBM 050"]
[Source "ChessBase"]
[SourceDate "1996.02.01"]
[SourceVersion "1"]
[SourceVersionDate "1996.02.01"]
[SourceQuality "1"]

1. e4 {Baburin} c5 2. Nf3 Nc6 3. d4 cxd4 4. Nxd4 Nf6 5. Nc3 d6 6. g3 g6 7. Bg2
(7. Nde2 Bg7 8. Bg2 O-O 9. O-O Rb8 10. a4 a6 11. Nd5 b5 12. axb5 axb5 13. Be3
b4 14. Ra2 Ng4 15. Bg5 h6 16. Bc1 e6 17. Ne3 b3 $15 {Ivanchuk,V-Kramnik,V
Horgen CS (07) 1995 1/2 49 - CBM 50}) 7... Nxd4 8. Qxd4 Bg7 9. O-O O-O 10. h3 (
10. Qd3 Be6 11. Nd5 Rc8 12. c3 Re8 13. Bg5 Ng4 14. Rad1 h6 15. Bc1 Qa5 16. a3
Bd7 $1 17. Qe2 Ne5 18. Rfe1 Ba4 $17 {Martinez,F-Mestel,A Oviedo 25' (05) 1993
0-1 37}) (10. a4 Be6 11. Qb4 Qc7 12. a5 Nd7 13. Bd2 (13. Nd5 Bxd5 14. exd5 Qxc2
15. Bg5 Qxb2 16. Qxb2 Bxb2 17. Bxe7 Bxa1 18. Rxa1 Rfe8 $17 {Reinderman,
D-Wojtkiewicz,A Wijk-B (01) 1994 1/2 39}) (13. Bg5 Rfe8 14. Rfc1 Ne5 15. Nd5
Qd7 $10 {Milosevic,G-Petursson,M Lugano op 1989}) (13. Be3 Bxc3 14. bxc3 Ne5
15. f4 Nc4 16. Bd4 f6 17. Rfe1 $14 {Kotronias,V-Georgiev,Kir Sofia 1986 - Inf.
42/234}) 13... Rfe8 14. Rfc1 Ne5 15. Nd5 Qd7 16. Qa4 Rac8 17. Bc3 Bh3 18. Qxd7
Bxd7 19. f4 $14 {Kindermann,S-Wirthensohn,H Hamburg SKA 1991 1-0 79}) 10... Be6
(10... Qa5 11. Qd1 Be6 12. a4 Rac8 13. Re1 Rfe8 14. Bd2 Qb4 15. e5 dxe5 16.
Rxe5 Qd4 17. Rb5 b6 $15 {Voigt,M-Gikas,B Dortmund op-A (05) 1992 1-0 36}) 11.
Qd1 Qc8 $146 (11... Qc7 12. Nd5 Bxd5 $6 (12... Nxd5 13. exd5 Bf5 14. c3 b5 15.
Qe2 Rab8 16. Bg5 Rfe8 17. Qd2 h5 18. Rfe1 a5 19. Rac1 $10 {Fabisovich,
V-Savchenko,S Pula op (2/28) 1990 1/2 64}) 13. exd5 $14 {^^} b5 14. Re1 Rfe8
15. c3 Rab8 (15... a5 $5) 16. Bg5 h6 17. Be3 Nd7 18. Qd2 $14 {Lukin,
A-Arakelian,E St.Petersburg op (01) 1994 1-0 39}) 12. Kh2 Qc4 13. a4 Rac8 14.
a5 Nd7 15. Ra3 Qc7 16. f4 Bxc3 $5 {Baburin: This move either destroys the
White pawn structure on the QSide or wins the a5-pawn. It's likely that White
did not expect this solution.} 17. Rxc3 (17. bxc3 Qc5 {Obwohl der Drachen g7
fehlt, spielt sich die Stellung wegen des zerrissenen weißen Damenflügels
angenehmer für Schwarz.}) 17... Qxa5 $15 {Aber so ist es ein ganzer P.} 18. f5
Bc4 (18... gxf5 $2 19. exf5 Bxf5 (19... Rxc3 20. fxe6 $18) 20. Bh6 Rxc3 21.
bxc3 Bg6 (21... Rc8 $2 22. Qh5 Rc5 23. Rxf5 Rxf5 24. Qg4+ $18) 22. Bxf8 Kxf8
$13) 19. Rf4 Ba6 20. fxg6 hxg6 (20... fxg6 21. Qg4 $132) 21. Rh4 Rxc3 22. Bd2
Rfc8 $1 23. Bxc3 Rxc3 24. Qd2 Qe5 (24... Nf6 $1 25. Qh6 (25. bxc3 g5 26. Rh6
Kg7 $19) (25. Qxc3 Qxc3 26. bxc3 g5 27. Rh6 Kg7 $19) 25... Nh5 26. bxc3 Qxc3
$17) 25. bxc3 Bc4 {/\a7-a5-a1} 26. Qh6 (26. Qd4 Qxd4 27. cxd4 e5 $1 $19 {
Weiß spielt ohne den Rh4.}) 26... Nf8 27. Rg4 a5 28. Rg5 Qxc3 29. e5 Qxc2 $1
$19 30. Kh1 (30. exd6 Bf1 $19) 30... Qb1+ 31. Kh2 Qb2 32. Kh1 dxe5 33. Rg4 Be6
34. Rh4 e4 35. Qf4 (35. Bxe4 a4 $19 {[%cal Ga4a1]}) 35... a4 36. Qxe4 a3 37.
Qxb7 (37. Qd4 Qxd4 38. Rxd4 a2 39. Rd1 b5 $19) 37... Qc1+ 38. Kh2 a2 0-1

[Event "St Petersburg-ch"]
[Site "St Petersburg"]
[Date "1995.??.??"]
[Round "2"]
[White "Orlov, Vassily"]
[Black "Svidler, Peter"]
[Result "0-1"]
[WhiteElo "2435"]
[BlackElo "2585"]
[Annotator "Boensch,U"]
[PlyCount "50"]
[EventDate "1995.04.??"]
[EventType "tourn"]
[EventRounds "12"]
[EventCountry "RUS"]
[EventCategory "9"]
[SourceTitle "CBM 047"]
[Source "ChessBase"]
[SourceDate "1995.08.01"]
[SourceVersion "1"]
[SourceVersionDate "1995.08.01"]
[SourceQuality "1"]

1. e4 {Ernst} c5 2. Nf3 d6 3. d4 cxd4 4. Nxd4 Nf6 5. Nc3 Nc6 6. Be2 g6 7. O-O
Bg7 8. Nb3 O-O 9. Bg5 a6 10. f4 (10. a4 Be6 11. f4 b5 12. axb5 Qb6+ $1 13. Kh1
axb5 14. Rxa8 Rxa8 15. Bxb5 Nxe4 $1 $15) 10... b5 11. Bf3 Bb7 (11... b4 $142 $1
12. Nd5 Nxd5 13. exd5 Na5 14. Nxa5 Qxa5 15. Qc1 Ra7 $1 $15 {Donev,I-Novkovic,M
Dornbirn 1991}) (11... Bd7 12. Kh1 Rc8 13. Re1 h6 14. Bh4 Nh7 15. Rb1 g5 16.
Bf2 Bxc3 {1/2 Xie Jun-Spassky,B Monaco Veterans-Women (07) 1994}) 12. Bh4 (12.
Nd5 Nd7 13. c3 Re8 14. Kh1 a5 15. Qd2 a4 16. Nc1 a3 17. Nd3 axb2 18. Qxb2 $10 {
Xie Jun-Serper,G Jakarta (02) 1994 1-0 35}) (12. Kh1 h6 (12... Nd7 13. Rb1 (13.
Qe1 {Ernst} a5 14. Nxb5 a4 15. Nd2 h6 16. Bh4 Nc5 $44 {Tal,M-Gufeld,E/USSR/1977
}) 13... Nb6 14. Nd5 Nc4 15. e5 Re8 16. exd6 Qxd6 17. Nxe7+ Nxe7 18. Bxb7 Qxd1
19. Rfxd1 Ra7 20. Rd7 $16 {Xie Jun-Alterman,B Cap d'Agde 1994 0-1 60 - EXP 43})
(12... Re8 13. e5 $5 dxe5 14. fxe5 Nd7 15. e6 fxe6 16. Bg4 Nf8 17. Nc5 Qb6 18.
Nxe6 Nxe6 19. Bxe6+ Kh8 $13 {Christiansen,B-Ernst,T/Sweden/1982}) 13. Bxf6 Bxf6
14. e5 Bg7 (14... dxe5 $2 15. Nc5 $16) 15. exd6 Qxd6 16. Qxd6 exd6 17. Ne4 Rad8
18. Rab1 Ba8 19. Rfd1 Nb4 20. c3 Nd5 21. g3 Rfe8 $15 {Orlov,V-Fridman,D
URS-chJ Alma Ata 1991 1/2 86}) (12. Nd5 $14 {Ernst Gufeld}) 12... Nd7 13. Rb1
a5 14. a4 (14. Nxb5 $4 {Ernst} Qb6+ $19) 14... bxa4 15. Nxa4 Ba6 16. e5 $2 {[#]
} (16. Re1 $10) 16... Bxf1 17. Bxc6 Rc8 18. Bxd7 (18. exd6 Nf6 19. Bb7 Rb8 20.
Qxf1 Rxb7 21. Nbc5 Ra7 $17) 18... Qxd7 19. Qxf1 (19. Nb6 Qb7 (19... Qa7 $2 20.
Bf2 $16) 20. Nd5 Be2 21. Qd2 (21. Nxe7+ Qxe7 22. Bxe7 Bxd1 23. Rxd1 dxe5 (23...
Rfe8 $2 24. exd6 $18) 24. Bxf8 Kxf8 $15) 21... Rfe8 22. Nxe7+ Rxe7 23. Bxe7
Qxe7 24. Qxe2 dxe5 $15) 19... Qxa4 20. Bxe7 Rxc2 $1 (20... Rfe8 21. exd6 Rxc2
22. Qd3 (22. Rd1 Qxb3 23. d7 Qe3+ 24. Kh1 Qxe7 $19) 22... Qc6 23. Nd2 $17) 21.
Bxf8 Bxf8 $19 {Trotz matteriellem Gleichgewicht ist die weiße Stellung
hoffnungslos. Der Nb3 findet keinen Stützpunkt und die K-Stellung ist arg
geschwächt. [#]} 22. Qf3 (22. Qd3 Qc6 23. Qf3 (23. Nd2 dxe5 (23... Bh6 $1 {
Ernst} 24. Ne4 (24. g3 dxe5) 24... Bxf4 25. exd6 Bxd6 $1 $19) 24. fxe5 Qb6+ 25.
Kh1 Rxb2 $19) 23... Qb6+ {- 22.Qf3} (23... Qc4 $19 {- 22.Qf3}) 24. Kh1 a4 $19)
22... Qc4 23. exd6 (23. Rd1 dxe5 24. fxe5 Rxb2 $19) 23... Bxd6 24. f5 a4 25.
Rd1 (25. fxg6 hxg6 26. Na1 Bc5+ 27. Kh1 Rc1+ $19) 25... axb3 (25... axb3 26.
Rxd6 Qc5+ $19) 0-1

[Event "Karditsa"]
[Site "Karditsa"]
[Date "1994.??.??"]
[Round "8"]
[White "Kotronias, Vasilios"]
[Black "Skembris, Spyridon"]
[Result "1/2-1/2"]
[WhiteElo "2545"]
[BlackElo "2525"]
[Annotator "Boensch,U"]
[PlyCount "128"]
[EventDate "1994.03.??"]
[EventType "tourn"]
[EventRounds "11"]
[EventCountry "GRE"]
[EventCategory "10"]
[SourceTitle "CBM 043"]
[Source "ChessBase"]
[SourceDate "1994.12.01"]
[SourceVersion "1"]
[SourceVersionDate "1994.12.01"]
[SourceQuality "1"]

1. e4 c5 2. Nf3 g6 3. d4 cxd4 4. Nxd4 Bg7 5. Nc3 Nc6 6. Nb3 Nf6 7. Be2 O-O 8.
O-O b6 $5 9. Bg5 Bb7 10. f4 d6 11. Bf3 Nd7 $5 {/\ Nc5 ><d4, e5} 12. Rb1 {
/\ Nd5 ><b2} (12. Qd2 $142 $5 Nc5 13. f5 $40) 12... Nc5 13. Nd5 (13. f5 $5)
13... f6 14. Bh4 e6 15. Nc3 g5 $5 $132 16. Bg3 gxf4 17. Bxf4 Ne5 18. Bg4 (18.
Nb5 $132) 18... Qe7 19. Nd4 Nxg4 20. Qxg4 Kh8 $5 21. Rbd1 $6 {פd4} (21. Bg3 $5
$13) 21... f5 $1 $36 22. Qg3 $1 (22. exf5 Bxd4+ $19 {/\ Rg8}) (22. Bg5 Bxd4+
23. Rxd4 Qg7 $1 24. exf5 exf5 $1 $19 {/\ Ne6}) (22. Qh3 Nxe4 $17) 22... Nxe4 $1
23. Nxe4 fxe4 24. Bxd6 Rxf1+ 25. Kxf1 Qf6+ 26. Kg1 $2 (26. Qf4 $4 Qxf4+ 27.
Bxf4 Bxd4 28. Rxd4 Rf8 $19) (26. Ke1 e5 {/\ Rd8|^}) (26. Qf2 $142 $1 Qg6 $5 $36
) 26... e5 $4 (26... Rd8 $142 $1 27. c3 e5 28. Rf1 (28. Bc7 exd4 29. Bxd8 Qxd8
30. cxd4 Ba6 $1 $19 {/\ Bd3 ><d4, f1}) 28... Qxd6 29. Rf7 Qh6 $3 30. Rxg7 (30.
Qxg7+ Qxg7 31. Rxg7 exd4 32. Rxb7 d3 $19) 30... Qc1+ $1 31. Kf2 e3+ $3 32. Qxe3
$1 Qxe3+ 33. Kxe3 exd4+ $19) 27. Rf1 $1 Qxd6 (27... Qg6 28. Nf5 $16 {|^} (28.
Bxe5 $2 Qxg3 $19)) 28. Qxg7+ Kxg7 29. Nf5+ Kg6 $6 (29... Kf6 $5 30. Nxd6+ Ke6
31. Nxb7 Rb8 32. Re1 Rxb7 33. Rxe4 Kf5 (33... Kd5 $5) 34. Re2 Rd7 $44) 30. Nxd6
Bc6 31. Nc4 $1 (31. Re1 Rd8 32. Nxe4 Bxe4 33. Rxe4 Kf5 $1 $44) 31... Re8 32.
Rd1 Bb5 $5 33. Ne3 $1 {/\ Rd6+/-} (33. Nd6 Rd8) 33... Re6 34. c4 Bc6 35. Kf2
Kf7 36. Rd8 Rf6+ $5 37. Ke2 Ke7 38. Rh8 $16 Rf7 39. b4 Kd6 40. g4 a5 41. Nf5+
Kc7 42. bxa5 $6 (42. b5 Bd7 43. Ne3 Kd6 {/\ Kc5}) (42. a3 $142 Bd7 43. Ne3 $16)
42... bxa5 {/\ Bd7, Kb6-c5} 43. Ke3 $5 (43. c5 Bd7 $14) 43... Rd7 $1 44. h4 {
/\ g5+-} Rd3+ 45. Ke2 Ra3 46. Rxh7+ Kb6 47. g5 $5 (47. h5 Rxa2+ 48. Ke3 (48.
Kf1 a4) 48... Ra3+ $10 49. Kf2 (49. Ke2) 49... Rf3+ 50. Ke2 a4 $132) 47...
Rxa2+ 48. Ke3 $6 (48. Kf1 $142 $1 Ra1+ (48... a4 49. g6 a3 50. g7 Ra1+ 51. Kf2
Rf1+ 52. Kxf1 a2 53. g8=Q a1=Q+ 54. Kf2 $18) 49. Kf2 Ra2+ 50. Kg3 $16) 48...
Ra3+ 49. Kd2 $6 (49. Ke2) 49... Ra2+ 50. Kc1 $6 (50. Kc3 $2 Ba4 $1) (50. Ke1 $2
a4 $36) (50. Ke3 $44) 50... Ra1+ $6 (50... a4 $5 51. Rh6 $5 $132 (51. g6 Rg2
52. g7 a3 53. Kb1 e3 $3 54. Nxe3 Be4+ 55. Ka1 Rg1+ $19)) 51. Kb2 Rf1 52. Ne3
Rf3 53. Nd5+ $14 (53. Ng4 $5 $14) 53... Bxd5 $1 54. cxd5 Kc5 55. g6 Rg3 $1 56.
h5 (56. g7 $2 e3 57. Kc3 a4 $36 58. h5 a3 59. h6 a2 $19) 56... e3 57. Kc3 e4 $1
58. Re7 $5 (58. g7 $2 Rg1) (58. Ra7 $5 $14) 58... Kxd5 59. Ra7 Rg1 60. Rxa5+
Kd6 $5 61. Ra2 $6 (61. Ra6+ $1 $14) 61... Rg5 $1 62. Rh2 Rc5+ $3 63. Kd4 e2 $10
64. Rxe2 Rxh5 (64... Rxh5 65. Rg2 Rh8 66. g7 Rg8 $10) 1/2-1/2

[Event "Las Palmas"]
[Site "Las Palmas"]
[Date "1994.??.??"]
[Round "7"]
[White "Topalov, Veselin"]
[Black "Shirov, Alexei"]
[Result "1-0"]
[WhiteElo "2640"]
[BlackElo "2705"]
[Annotator "Boensch,U"]
[PlyCount "51"]
[EventDate "1994.05.??"]
[EventType "tourn"]
[EventRounds "9"]
[EventCountry "ESP"]
[EventCategory "17"]
[SourceTitle "CBM 042"]
[Source "ChessBase"]
[SourceDate "1994.10.01"]
[SourceVersion "1"]
[SourceVersionDate "1994.10.01"]
[SourceQuality "1"]

1. e4 {Ernst} c5 2. Nf3 d6 3. d4 cxd4 4. Nxd4 Nf6 5. Nc3 Nc6 6. g3 g6 7. Nde2 (
7. Bg2 Nxd4 8. Qxd4 Bg7 9. O-O O-O 10. a4 Be6 11. Qb4 Qc7 12. Bg5 Rac8 13. Rfc1
a5 14. Qa3 Ng4 $15 {Spangenberg,H-Leko,P/Buenos Aires ARG-WORLD (02)/1994/})
7... Bg7 8. Bg2 Rb8 (8... O-O 9. O-O Rb8 (9... Bd7) (9... Bg4) (9... a5 $6) 10.
a4 b6 11. Re1 Bb7 12. h3 Nb4 13. Nd5 Nbxd5 14. exd5 Qc7 $10 {Georgiev,
Ki-Shirov,A/Pardubice (02)/1994/1-0 (58)}) 9. b3 $5 $146 b5 (9... Bg4 $5) 10.
Bb2 O-O 11. Qd2 Ne5 (11... b4 12. Nd5 $2 (12. Nd1 a5 $10) (12. Na4 Ba6 $10 (
12... Bd7 {Ernst} 13. O-O-O Qa5 $13)) 12... Nxe4 $19) 12. f4 Ned7 13. O-O-O $5
Bb7 14. Nd5 a5 $6 (14... e6 $1 15. Nxf6+ Nxf6 16. Qxd6 (16. Qb4 a5 $1) (16. Qe3
Qa5 $15) 16... Nxe4 17. Qxd8 (17. Qb4 $2 Bxb2+ 18. Kxb2 Qf6+ 19. Qd4 Qxd4+ 20.
Nxd4 (20. Rxd4 Nxg3 $1 $19)) 17... Rfxd8 18. Rxd8+ Rxd8 19. Bxg7 Kxg7 $10) 15.
Rhe1 $14 Nxd5 (15... b4 16. Nd4 $14) 16. exd5 Bxb2+ 17. Kxb2 b4 18. Nd4 Nc5 $2
(18... Rc8 19. f5 Ne5 $14) 19. f5 $1 $40 a4 $6 20. Kb1 $16 Nd7 $2 (20... Kg7
21. Qxb4 axb3 22. axb3 Qc7 $16 (22... Bxd5 $2 23. Qc3 $18)) 21. fxg6 hxg6 22.
Qh6 $1 $18 {/\ Re4-h4} axb3 23. axb3 e5 {Verzweiflung!} (23... Ne5 24. Re4 $18)
(23... Nc5 24. Ne6 $1 fxe6 (24... Nxe6 25. Rxe6 fxe6 26. Qxg6+ Kh8 27. Rd4 $18)
25. Qxg6+ Kh8 26. Rd4 $18) (23... Ra8 {Ernst} 24. Nf5 $1 gxf5 25. Qg5+ Kh8 26.
Rd4 Nf6 27. Rh4+ Nh7 28. Qxf5 $18) 24. dxe6 Bxg2 25. e7 Qa5 26. Ne6 $1 (26. Ne6
fxe6 27. Qxg6+ Kh8 28. Rd4 $18) 1-0

[Event "Linares 12th"]
[Site "Linares"]
[Date "1994.??.??"]
[Round "8"]
[White "Anand, Viswanathan"]
[Black "Topalov, Veselin"]
[Result "0-1"]
[WhiteElo "2715"]
[BlackElo "2640"]
[Annotator "Boensch,U"]
[PlyCount "84"]
[EventDate "1994.02.??"]
[EventType "tourn"]
[EventRounds "13"]
[EventCountry "ESP"]
[EventCategory "18"]
[SourceTitle "CBM 040"]
[Source "ChessBase"]
[SourceDate "1994.06.01"]
[SourceVersion "1"]
[SourceVersionDate "1994.06.01"]
[SourceQuality "1"]

1. e4 c5 2. Nf3 d6 3. d4 cxd4 4. Nxd4 Nf6 5. Nc3 g6 6. Be2 Bg7 7. O-O O-O 8.
Bg5 a6 9. a4 Nc6 10. Nb3 Be6 11. Kh1 Rc8 (11... h6 $6 12. Be3 d5 13. exd5 Nxd5
14. Nxd5 Qxd5 15. Nc5 Bxb2 16. Qxd5 Bxd5 17. Rad1 Nb4 18. Nd7 $16 {Xie
Jun-Chiburdanidze,M (11) WchW Manila 1991 1-0 34}) 12. f4 Na5 (12... Nb4 $6 13.
f5 Bc4 14. a5 Bxb3 15. cxb3 Rc5 16. Ra4 Nc6 17. b4 Rxc3 18. Bxf6 Re3 19. Bxg7
Kxg7 20. b5 $16 {Fishbein,A-Karason,A Saint John op-1 1988 1-0 40}) 13. Nxa5
Qxa5 14. Bd3 Rfe8 (14... Bc4 15. Qf3 e6 16. f5 Bxd3 17. cxd3 Qb4 18. Rf2 $16 {
Fishbein,A-Danek,L Vienna op (4) 1991 1-0 41}) 15. Qe2 (15. f5 $5) 15... Qb4
16. a5 $2 (16. f5 Qxb2 $2 (16... Bd7 $10) 17. Bd2 $18) 16... Bg4 (16... Qxb2 $2
17. Na4 Qd4 18. Nb6 Rc7 19. Ra4 $16) 17. Qd2 Bd7 $1 18. Qe2 $2 (18. Ra3 Bc6 $15
) 18... Qxb2 $17 19. Bxf6 (19. Na4 Bxa4 20. Rxa4 Nd7 $17) 19... Bxf6 20. Nd5
Bb5 (20... Qxa1 $5 21. Rxa1 Bxa1 22. Nb6 Rc7 23. Nd5 Rc5 $17) 21. Bxb5 Qxb5 22.
Qxb5 axb5 23. Rab1 Rc5 $1 (23... Rxc2 $6 24. Rxb5 $15) 24. Rfd1 (24. Nxf6+ exf6
25. Rfe1 Rxc2 26. Rxb5 Rxe4 $19) 24... Kg7 25. Nb6 (25. g4 g5 26. Nxf6 exf6 27.
fxg5 fxg5 28. Rd4 Re6 $19) 25... Rxc2 26. Rxb5 Re2 27. Nd5 (27. Rb4 $5 $17)
27... Rxe4 $19 28. Rxb7 Ra8 29. g4 (29. Rb5 Ra4 $19) 29... Rxa5 30. g5 Ba1 31.
Nxe7 (31. Rxe7 $2 Rxd5 $19) 31... Rxf4 32. Nc6 (32. Rb8 h5 33. gxh6+ Kxh6 34.
Rxd6 Be5 $19) 32... Ra8 $1 (32... Ra2 33. Nd8 (33. Nb4 Rb2 $19) 33... Kf8 34.
Rc1 {/\ Ne6}) 33. Rxd6 Ra2 34. Rd1 Rff2 35. Nd8 Kg8 36. Rb8 h5 (36... Be5 $4
37. Ne6+ Bxb8 38. Rd8#) 37. gxh6 Be5 38. Rb7 Rxh2+ 39. Kg1 Rhg2+ 40. Kh1 Rh2+ (
40... Rg4 $19) 41. Kg1 Rhg2+ 42. Kh1 Rg4 0-1

[Event "Tel Aviv"]
[Site "Tel Aviv"]
[Date "1992.??.??"]
[Round "9"]
[White "Kagan, Shimon"]
[Black "Smirin, Ilia"]
[Result "0-1"]
[WhiteElo "2380"]
[BlackElo "2545"]
[Annotator "Boensch,U"]
[PlyCount "68"]
[EventDate "1992.04.??"]
[EventType "tourn"]
[EventRounds "11"]
[EventCountry "ISR"]
[EventCategory "11"]
[SourceTitle "CBM 030"]
[Source "ChessBase"]
[SourceDate "1992.10.01"]
[SourceVersion "1"]
[SourceVersionDate "1992.10.01"]
[SourceQuality "1"]

1. e4 c5 2. Nf3 d6 3. d4 cxd4 4. Nxd4 Nf6 5. Nc3 Nc6 6. g3 g6 7. Nde2 b6 $5
$146 (7... Bd7 8. Bg2 Qc8 9. h3 Bg7 10. Be3 b5 $146 (10... O-O 11. Rc1 Rd8 $146
(11... b5) 12. b3 d5 $1 13. exd5 Nb4 14. Bd2 e6 15. O-O Nbxd5 16. Nxd5 exd5 17.
Nf4 Bc6 18. Ba5 b6 19. Bb4 Ne4 20. c4 $1 $10 {Marinkovic,I-Golubev Belgrad
1991 -Inf.53/202}) 11. Rc1 b4 12. Nd5 Nxd5 13. exd5 Ne5 14. b3 Bb5 15. O-O Qa6
16. Re1 Bxe2 17. Qxe2 Qxe2 18. Rxe2 a5 $10 {Marinkovic,I-Jovicic,M Belgrad
1991 -Inf.53/202}) 8. Bg2 Ba6 9. O-O (9. e5 $2 Nxe5 10. f4 (10. Bxa8 Qxa8 $19)
10... Ned7 11. Bxa8 Qxa8 $17) 9... Bg7 10. a4 Rc8 11. Nb5 O-O 12. Ra3 (12. h3
$5) 12... Bb7 13. Re1 a6 14. Nbc3 Ne5 15. Nd5 Nfd7 (15... Nxd5 16. exd5 Nc4 17.
Ra2 $10) 16. b3 e6 17. Ne3 Nc5 18. f4 (18. f3 f5 $15) 18... Ned7 19. f5 (19.
Qxd6 Nxe4 20. Bxe4 (20. Qd3 Ndc5 $17) 20... Bxe4 21. Rd1 Nc5 $17) 19... Bxe4
20. fxe6 fxe6 21. Qxd6 Rc6 22. Qd1 Bxg2 23. Nxg2 Qf6 $17 24. Be3 Ne5 25. Nd4
Rd6 26. Rf1 Qd8 27. Rxf8+ Qxf8 28. b4 Nc4 $1 29. bxc5 bxc5 30. Rd3 cxd4 (30...
Nb2 $19) 31. Bc1 Qf5 32. Rf3 Qc5 33. Rd3 Rb6 34. Qe2 Ne5 {Boensch} 0-1